00382nam a2200109Ia 4500008004100000020001800041040002900059050002200088100005000110245007400160260003800234221021s9999||||xx |||||||||||||| ||und|| a0-471-22036-1 cChuka University Library aBF 31b .C66 2004 aCraighead, W. E. and Nemeroff, C. B.(editors) 4aThe concise corsini encyclopaedia of psycology and behaviaral science aHobokenbJohnwiley and sonsc2004